| 000 | nam a22 a 4500 | ||
|---|---|---|---|
| 999 |
_c137051 _d137051 |
||
| 003 | BLK | ||
| 005 | 20210326140310.0 | ||
| 008 | 180409b bul|||||r ||||||| ||bul|| | ||
| 010 | _aKNG00143016000 | ||
| 040 | _aBLK | ||
| 041 |
_aRUS _cRUS |
||
| 080 |
_aОбща история на философията _b101(091) _x(430)(092) _z101(091)(430)(092) |
||
| 080 |
_aФилософия на духа. Метафизика на духовния живот _b13 _z13 |
||
| 080 |
_aПраво. Видове и форми. Направления в теория на правото _b340.1 _z340.1 |
||
| 080 |
_aНемски философ _b929 Кант, Имануел _z929 Кант, Имануел |
||
| 100 | 1 |
_aФишер, Куно _eпърви автор _9325673 |
|
| 139 |
_aФишер, Куно _bФ 59 |
||
| 245 | 1 | 0 |
_aИстория новой философии _bТ. 1 - 8 _cКуно Фишер; пер. с нем. на том Д. Е. Жуковский; пер. с нем. на том О. А. Аносова; ред. и предисл. Д. Е. Жуковский. _nТ. 5 _pИммануил Кант и его учение |
| 257 | _aDEU | ||
| 260 |
_bД. Е. Жуковский _c1901 - 1909 _fтипогр. т-ва Обществ. польза _aС.-Петербург |
||
| 300 | _c23 см | ||
| 380 | _a1 | ||
| 500 | _aИзд. т-ва Знание. - Прев. от 4. нем. юбил. изд. | ||
| 600 | 1 | 4 |
_aКант, Имануел _9364672 |
| 650 | 4 |
_aФилософия, немска класическа _9243069 |
|
| 650 | 4 |
_aФилософия - история _9243382 |
|
| 650 | 4 |
_aФилософия - критика _9252925 |
|
| 650 | 4 |
_aМетафизика _9162035 |
|
| 650 | 4 |
_aПраво - история и философия _9252062 |
|
| 650 | 4 |
_aМорал и политика _9242313 |
|
| 650 | 4 |
_aКант, Имануел _9364672 |
|
| 651 | 4 |
_aГермания _9178754 |
|
| 653 | _aнемска философия | ||
| 653 | _aнемски философи | ||
| 653 | _aИмануел Кант | ||
| 653 | _aетични ценности | ||
| 653 | _aправо | ||
| 653 | _aметафизика | ||
| 700 | 1 |
_aЖуковский, Д. Е. _eпер. с нем. на том _9325674 |
|
| 700 | 1 |
_aАносова, О. А. _eпер. с нем. на том _932598 |
|
| 700 | 1 |
_aЖуковский, Д. Е. _eред. и предисл. _9378998 |
|
| 760 | 1 |
_aФишер, Куно _d1906 _gЧ. 2. Система разума на основе критики разума _hХVІ, 656 с. _tТ. 5 Иммануил Кант и его учение |
|
| 852 | _aЦб 1.225.15743 | ||
| 856 | 4 | _qpdf | |
| 856 | 4 | _qpdf | |
| 942 |
_cKNG _n0 _s1 |
||
| 944 |
_aCR _c22.05.2013 _lф / 22.05.2013 _kЛюдмила_Стоянова |
||
| 944 |
_aED _c15.11.2013 _lф / 22.05.2013 |
||
| 999 | _d137051 | ||